Ψηφιακή επεξεργασία εικόνας
Αποθηκεύτηκε σε:
| Κύριος συγγραφέας: | |
|---|---|
| Άλλοι συγγραφείς: | |
| Μορφή: | Βιβλίο |
| Γλώσσα: | Greek English |
| Δημοσίευση: |
Θεσσαλονίκη :
Τζιόλα,
c2015.
|
| Έκδοση: | 3η εκδ. |
| Θέματα: | |
| Ετικέτες: |
Προσθήκη ετικέτας
Δεν υπάρχουν, Καταχωρήστε ετικέτα πρώτοι!
|
MARC
| LEADER | 00000cam a2200000 i 4500 | ||
|---|---|---|---|
| 001 | 1/26165 | ||
| 008 | 130220s2015 gr | |||| |||| ||gre|| | ||
| 020 | |a 9789604182558 | ||
| 035 | |l 10113780 | ||
| 040 | |a GR-MyUa |b gre |e AACR2 | ||
| 041 | 1 | |a gre |h eng | |
| 082 | 7 | |a 621.367 |2 (22) | |
| 100 | 1 | |a Gonzalez, Rafael C. | |
| 245 | 1 | 0 | |a Ψηφιακή επεξεργασία εικόνας / |c Rafael C. Gonzalez, Richard E. Woods ; επιμέλεια μετάφρασης Στέφανος Κόλλιας ; μετάφραση Αθανάσιος Ι. Μάργαρης. |
| 250 | |a 3η εκδ. | ||
| 260 | |a Θεσσαλονίκη : |b Τζιόλα, |c c2015. | ||
| 300 | |a xii, 1364 σ. : |b εικ. ; |c 25 εκ. | ||
| 500 | |a Τίτλος πρωτοτύπου: Digital image processing, 3rd ed. | ||
| 504 | |a Βιβλιογραφία: σ.1313-1353. Ευρετήριο. | ||
| 650 | 0 | |a Image processing |x Digital techniques. | |
| 700 | 1 | |a Woods, Richard E. |q (Richard Eugene), |d 1954- | |
| 852 | |a INST |b LESVOS |c EUDOXUS |e 20140403 |h 621.367 GON |p 005100053838 |q 005100053838 |t EDX |y 0 | ||
| 852 | |a INST |b SAMOS |c EUDOXUS |e 20130220 |h 621.367 GON |p 005300033390 |q 005300033390 |t EDX |y 0 | ||
| 852 | |a INST |b SAMOS |c EUDOXUS |e 20130220 |h 621.367 GON |p 005300033391 |q 005300033391 |t EDX |y 0 | ||
| 852 | |a INST |b SAMOS |c EUDOXUS |e 20131105 |h 621.367 GON |p 005300035972 |q 005300035972 |t EDX |y 0 | ||
| 852 | |a INST |b SAMOS |c EUDOXUS |e 20150521 |h 621.367 GON |p 005300042202 |q 005300042202 |t EDX |y 0 | ||
| 852 | |a INST |b SAMOS |c EUDOXUS |e 20151007 |h 621.367 GON |p 005300043021 |q 005300043021 |t EDX |y 23 | ||
| 852 | |a INST |b SAMOS |c EUDOXUS |e 20161209 |h 621.367 GON |p 005300044023 |q 005300044023 |t EDX |y 0 | ||
| 852 | |a INST |b SYROS |e 20170703 |h 621.367 GON |p 005500013097 |q 005500013097 |t BK |y 0 | ||
| 901 | |a BIBL3-2013-3 | ||
| 901 | |a BIBL3-2013-1 | ||
| 901 | |a BIBL1-2014-1 | ||
| 920 | |a Εύδοξος |b Επιστροφή |y Σάμος |z 2013-05 | ||
| 920 | |a Εύδοξος |b Επιστροφή |y Σάμος |z 2015-05 | ||
| 920 | |a Εύδοξος |b Επιστροφή |y Σάμος |z 2015-10 | ||
| 920 | |a Εύδοξος |b Επιστροφή |y Σάμος |z 2016-12 | ||
| 920 | |a Εύδοξος |b Παραγγελία |y Σάμος-ΤΜΠΕΣ |z 2013-02 | ||
| 920 | |a Εύδοξος |b Παραγγελία |y Λέσβος-ΤΠΤΕ |z 2013-12 | ||
| 970 | |a Κοσιέρης |b Χρήστος |z 20/02/2013 | ||